|
|
|
|
| LEADER |
00000nam a2200000 i 4500 |
| 001 |
DIGDYK2805 |
| 003 |
NyNyDIG |
| 007 |
cr ||||||||||| |
| 008 |
230816s2023 sp ob 000 0 spa d |
| 006 |
m o d |
| 035 |
|
|
|a (OCoLC)1390558239
|
| 040 |
|
|
|a DGITA
|b eng
|e rda
|e pn
|c DGITA
|
| 020 |
|
|
|a 9788411702225
|q eBook
|
| 020 |
|
|
|z 9788411700443
|
| 043 |
|
|
|a e-gi---
|a e-sp---
|
| 050 |
1 |
4 |
|a JN1576 ebook
|
| 245 |
0 |
3 |
|a El Brexit en la cooperación transfronteriza entre Gibraltar, Campo de Gibraltar y Andalucía /
|c Inmaculada Gónzalez García (directora) ; Miguel A. Acosta Sánchez [and 14 others].
|
| 264 |
|
1 |
|a Madrid :
|b Dykinson, S.L.,
|c [2023]
|
| 300 |
|
|
|a 1 online resource.
|
| 336 |
|
|
|a text
|b txt
|2 rdacontent
|
| 337 |
|
|
|a computer
|b c
|2 rdamedia
|
| 338 |
|
|
|a online resource
|b cr
|2 rdacarrier
|
| 347 |
|
|
|a text file
|2 rdaft
|
| 347 |
|
|
|b PDF
|
| 504 |
|
|
|a Includes bibliographical references.
|
| 588 |
0 |
|
|a Online resource; title from PDF title page (Digitalia, viewed August 16, 2023)
|
| 651 |
|
0 |
|a Gibraltar
|x Foreign relations
|z Spain.
|
| 651 |
|
0 |
|a Spain
|x Foreign relations
|z Gibraltar.
|
| 700 |
1 |
|
|a González García, Inmaculada,
|e editor.
|
| 700 |
1 |
|
|a Acosta Sánchez, Miguel Ángel,
|e author.
|
| 791 |
2 |
|
|a Digitalia (Firm),
|e distributor.
|
| 793 |
0 |
|
|g Digitalia eBook Collection:
|a Dykinson Editorial
|
| 776 |
0 |
8 |
|i Print version:
|t Brexit en la cooperación transfronteriza entre Gibraltar, Campo de Gibraltar y Andalucía.
|d Madrid : Dykinson, S.L., [2023]
|z 9788411700443
|
| 856 |
4 |
0 |
|3 Digitalia Hispánica
|u https://www.digitaliapublishing.com/a/129028/
|
| 910 |
|
|
|a Premium collection: 2023
|